000 00676nam a2200277Ia 4500
005 20260324145024.0
008 008 260324s9999 xx 000 0 eng d
020 _a9781315779782
037 _aEBOOK
040 _aCRL
040 _beng
040 _cCRL
041 _2eng
041 _aeng
084 _qCRL
100 _aKathleen Burk
_91221462
245 0 _aBritain, America and the Sinews of War 1914-1918 (RLE The First World War)
260 _bTaylor and Francis
260 _c1985
365 _a
365 _b230
856 _uhttp://www.taylorfrancis.com/books/9781315779782
942 _cEBOOK
999 _c1828827
_d1828827